000 00663nam a2200253Ia 4500
003 OSt
005 20220918164230.0
006 a|||||r|||| 00| 0
007 ta
008 220917b |||||||| |||| 00| 0 eng d
020 _a0520019768
024 _a37,885
037 _cTextual
040 _aARTS
_cARTS
_beng
041 _2eng
_aeng
082 _aO13,2C51:g, 111L2
100 _aDover K J
_917823
245 0 _aAristophanic comedy
260 _aBerkeley
_bUniv Of California press
_c1972
300 _a253p.
_ccm.
650 _aENGLISH LITERATURE
942 _hO13,2C51:g, 111L2
_cTEXL
_2CC
999 _c123756
_d123756